Catálogo público

Efecto de tratamiento de semillas con poligalacturonasa y fosfato de sodio dibásico sobre la emergencia de plántulas de jitomate (Solanum lycopersicum L.) / (Record no. 220646)

MARC details
000 -CABECERA
campo de control de longitud fija 03111nam a2200349 a 4500
003 - IDENTIFICADOR DEL NÚMERO DE CONTROL
campo de control OSt
005 - FECHA Y HORA DE LA ÚLTIMA TRANSACCIÓN
campo de control 20250625134925.0
007 - CAMPO FIJO DE DESCRIPCIÓN FÍSICA--INFORMACIÓN GENERAL
campo de control de longitud fija cr ||||||a|a|a
008 - DATOS DE LONGITUD FIJA--INFORMACIÓN GENERAL
campo de control de longitud fija 250619s2025 mx a|||fom||| 001 0 spa d
040 ## - FUENTE DE LA CATALOGACIÓN
Normas de descripción rda
100 1# - ENTRADA PRINCIPAL--NOMBRE DE PERSONA
Nombre de persona Trujillo Gomez, Citlalli Viviana
9 (RLIN) 190489
245 10 - MENCIÓN DE TÍTULO
Título Efecto de tratamiento de semillas con poligalacturonasa y fosfato de sodio dibásico sobre la emergencia de plántulas de jitomate (Solanum lycopersicum L.) /
Mención de responsabilidad, etc. por Citlalli Viviana Trujillo Gomez; director de tesis Juan Enrique Rodríguez Pérez; secretario Ana Elizabeth Paredes Cervantes; vocal Alma Aurora Deanda Tovar; suplente Lesly Belen Valencia Gaméz; suplente Erika Alejandra Cíntora Martínez.
264 #1 - PRODUCCIÓN, PUBLICACIÓN, DISTRIBUCIÓN, FABRICACIÓN Y COPYRIGHT
Producción, publicación, distribución, fabricación y copyright Chapingo, México :
Nombre del de productor, editor, distribuidor, fabricante El autor,
Fecha de producción, publicación, distribución, fabricación o copyright 2024.
300 ## - DESCRIPCIÓN FÍSICA
Extensión 1 recurso en línea (27 páginas):
Otras características físicas cuadros, figuras.
336 ## - TIPO DE CONTENIDO
Fuente rdacontent
Término de tipo de contenido texto
Código de tipo de contenido txt
337 ## - TIPO DE MEDIO
Fuente rdamedia
Nombre/término del tipo de medio computadora
Código del tipo de medio c
338 ## - TIPO DE SOPORTE
Fuente rdacarrier
Nombre/término del tipo de soporte recurso en línea
Código del tipo de soporte cr
502 ## - NOTA DE TESIS
Año de obtención del título 2024.
Información miscelánea Licenciatura
Tipo de título Licenciatura en Agronomía en Horticultura Protegida
Nombre de la institución que otorga el título Departamento de Enseñanza, Investigación y Servicio en Fitotecnia,
504 ## - NOTA DE BIBLIOGRAFÍA, ETC.
Nota de bibliografía, etc. Incluye referencias bibliográficas: páginas 21-23.
520 ## - SUMARIO, ETC.
Sumario, etc. La germinación puede verse afectada por la dureza de la testa. La poligalacturonasa es una enzima que degrada la pectina, la cual provoca el ablandamiento de tejidos; asimismo, el fosfato de sodio dibásico tiene efecto de ablandar la testa de la semilla. El objetivo del presente trabajo fue evaluar el efecto de la poligalacturonasa y el fosfato de sodio dibásico, en la germinación de semillas de cuatro líneas de jitomate (L47S8, L47B2, L52 y L69). Se aplicaron tres diferentes concentraciones de enzima (0.0 m. L-1, 0.06 m. L -1 y 0.12m. L -1) y dos tratamientos de fosfato de sodio dibásico (Na2 HPO4) (0.0 y 9.5 g- L-1). Dando 24 tratamientos, se utilizó un diseño experimental de bloques completos al azar, se evaluaron porcentaje de emergencia, número de semillas emergentes, altura de planta, área foliar, índice de velocidad de emergencia y número de semillas que no lograron romper la testa al final del experimento. La poligalacturonasa incrementó significativamente el porcentaje y el índice de velocidad de emergencia. La línea L47S8 tuvo la mejor respuesta al tratamiento con la enzima. El lavado con fosfato de sodio dibásico no tuvo efecto significativo en la germinación de semillas. La poligalacturonasa es útil para favorecer la germinación más rápida y uniforme de la semilla de jitomate.
650 #4 - PUNTO DE ACCESO ADICIONAL DE MATERIA--TÉRMINO DE MATERIA
Término de materia o nombre geográfico como elemento de entrada Semillas
Subdivisión general Germinación
9 (RLIN) 103903
650 #4 - PUNTO DE ACCESO ADICIONAL DE MATERIA--TÉRMINO DE MATERIA
Término de materia o nombre geográfico como elemento de entrada Enzimas
Subdivisión general Efecto en semillas
9 (RLIN) 190718
650 #4 - PUNTO DE ACCESO ADICIONAL DE MATERIA--TÉRMINO DE MATERIA
Término de materia o nombre geográfico como elemento de entrada Semillas
Subdivisión general Fisiología y morfología
9 (RLIN) 103902
650 #4 - PUNTO DE ACCESO ADICIONAL DE MATERIA--TÉRMINO DE MATERIA
Término de materia o nombre geográfico como elemento de entrada Tomate
Subdivisión general Germinación
9 (RLIN) 113727
700 1# - PUNTO DE ACCESO ADICIONAL--NOMBRE DE PERSONA
Nombre de persona Rodríguez Pérez, Juan Enrique
Término indicativo de función/relación director de tesis.
9 (RLIN) 98793
700 1# - PUNTO DE ACCESO ADICIONAL--NOMBRE DE PERSONA
Nombre de persona Paredes Cervantes, Ana Elizabeth
9 (RLIN) 136076
Término indicativo de función/relación secretario.
700 1# - PUNTO DE ACCESO ADICIONAL--NOMBRE DE PERSONA
Nombre de persona Deanda Tovar, Alma Aurora
9 (RLIN) 135933
Término indicativo de función/relación vocal.
700 1# - PUNTO DE ACCESO ADICIONAL--NOMBRE DE PERSONA
Nombre de persona Valencia Gámez, Lesly Belén
9 (RLIN) 187528
Término indicativo de función/relación suplente.
700 1# - PUNTO DE ACCESO ADICIONAL--NOMBRE DE PERSONA
Nombre de persona Cíntora Martínez, Erika Alejandra
Término indicativo de función/relación suplente.
9 (RLIN) 131595
856 ## - LOCALIZACIÓN Y ACCESO ELECTRÓNICOS
Identificador Uniforme del Recurso http://10.13.5.2/tesis/tl/1612455-1_TRUJILLO_GOMEZ_CITLALLIVIVIANA%20.pdf
Nota pública DESCARGAR PDF
942 ## - ELEMENTOS DE PUNTO DE ACCESO ADICIONAL (KOHA)
Fuente del sistema de clasificación o colocación Clasificación Universidad Autónoma Chapingo
Tipo de ítem Koha Tesis digital
Holdings
Estado de retiro Estado de pérdida Fuente del sistema de clasificación o colocación Estado dañado Restricciones de uso No para préstamo Código de colección Localización permanente Ubicación/localización actual Ubicación en estantería Fecha de adquisición Total de préstamos Signatura topográfica completa Fecha visto por última vez Precio válido a partir de Tipo de ítem Koha
    Clasificación Universidad Autónoma de Chapingo   Préstamo interno   Tesis digitales de Licenciatura Biblioteca Digital Biblioteca Digital En línea 19/06/2025   Tesis digital 19/06/2025 19/06/2025 Tesis digital